Music Quiz

Random Music or Song Quiz

The 'Depeche Mode Keywords' Quiz! Stats

 Plays Quiz not verified by Sporcle

Support Sporcle.
Go Orange.
Score 0/69 Timer 10:00
0 Plays Today
Keyword Song % Correct
DRESSNew Dress
80.5%
PAINStrangelove
78.9%
SINStrangelove
78.2%
PAINA Pain That I'm Used To
75.9%
PAINEnjoy The Silence
65.4%
PAINFULEnjoy The Silence
65.4%
SOULSoothe My Soul
59.4%
SINNERThe Sinner In Me
56.4%
PAINWalking In My Shoes
48.9%
SOULI Feel You
47.4%
PAINPrecious
47.4%
SOULSIn Your Room
46.6%
PAINBarrel Of A Gun
46.6%
SINFULNESSBarrel Of A Gun
46.6%
SINSea Of Sin
45.1%
SOUL'SHigher Love
42.1%
SOULHigher Love
42.1%
PAINOne Caress
41.4%
SINOne Caress
41.4%
PAINJohn The Revelator
41.4%
PAINFreelove
40%
PAINDream On
37.6%
SOULI Feel Loved
34.6%
PAINI Feel Loved
34.6%
SOULRush
33.8%
PAINLilian
31.6%
PAINLittle Soul
31.6%
SOULLittle Soul
31.6%
SINNERSAngel
30.8%
DRESSSomething To Do
30.1%
SOULGoodnight Lovers
29.3%
DRESSSister Of Night
29.3%
SOULInsight
29.3%
SINJezebel
29.3%
SOULGoing Backwards
29.2%
Keyword Song % Correct
SOUL'SIn Chains
28.6%
PAINCorrupt
28.6%
PAINGoodbye
28.6%
SOULGoodbye
28.6%
PAINBroken
27.1%
SOULAlone
27.1%
PAINAlone
27.1%
PAINFULThe Sun And The Rainfall
25.6%
SOUL'SWhen The Body Speaks
25.6%
SOULSFail
25.6%
SOULWelcome To My World
24.8%
DRESSShine
24.1%
PAINHappiest Girl
24.1%
PAINShame
23.3%
SINSlow
23.3%
PAINMartyr
23.3%
SOULHere Is The House
21.8%
SINI Am You
21.1%
PAINI Am You
21.1%
SOULI Am You
21.1%
SOULDamaged People
21.1%
SOULThe Child Inside
21.1%
SOULThe Love Thieves
21.1%
DRESSThe Sweetest Condition
19.5%
PAINBoys Say Go!
18%
SINTo Have And To Hold
18%
SOULOnly When I Lose Myself
16.5%
SOULFreestate
16.5%
SOULSStories Of Old
15.8%
PAINGhost
15%
PAINSo Much Love
13.5%
PAINNo More (This Is The Last Time)
12.8%
SINTwo Minute Warning
6%
SINFlexible
5.3%

You're not logged in!

Compare scores with friends on all Sporcle quizzes.
OR
Log In

From the Vault

Food in Seinfeld

by specjackular

We'll have the big salad.
Remove Ads.
Support Sporcle.
Get the best of Sporcle when you Go Orange. This ad-free experience offers more features, more stats, and more fun while also helping to support Sporcle. Thank you for becoming a member.

Show Comments

Extras

Top Quizzes Today


Score Distribution

Your Account Isn't Verified!

In order to create a playlist on Sporcle, you need to verify the email address you used during registration. Go to your Sporcle Settings to finish the process.

Report this User

Report this user for behavior that violates our Community Guidelines.

Details: